[Event "Caracas Gus Cup 2nd"]
[Site "Caracas"]
[Date "2022.08.27"]
[Round "7"]
[White "Lopez Abreu, Michel Samuel"]
[Black "Suarez, Richard"]
[Result "1/2-1/2"]
[WhiteElo "2082"]
[BlackElo "2037"]
[PlyCount "34"]
[EventDate "2022.08.24"]
[EventType "tourn"]
[EventRounds "7"]
[EventCountry "VEN"]
[SourceTitle "EXT 2024"]
[Source "ChessBase"]
[SourceDate "2023.10.10"]
[SourceVersion "1"]
[SourceVersionDate "2023.10.10"]
[SourceQuality "1"]

1. c4 Nf6 2. Nf3 c5 3. d4 cxd4 4. Nxd4 e5 5. Nc2 d5 6. cxd5 Qxd5 7. Bd2 Ne4 8. Nc3 Qxd2+ 9. Qxd2 Nxd2 10. Kxd2 Be6 11. e3 Nc6 12. Bb5 0-0-0+ 13. Ke2 Nb4 14. Rac1 Kb8 15. Nxb4 Bxb4 16. a3 Be7 17. Rhd1 Bf8 1/2-1/2

[Event "Caracas Gus Cup 2nd"]
[Site "Caracas"]
[Date "2022.08.24"]
[Round "1"]
[White "Suarez, Richard"]
[Black "Mora Moron, Jose Ramon"]
[Result "0-1"]
[WhiteElo "2037"]
[BlackElo "2133"]
[PlyCount "59"]
[EventDate "2022.08.24"]
[EventType "tourn"]
[EventRounds "7"]
[EventCountry "VEN"]
[SourceTitle "EXT 2024"]
[Source "ChessBase"]
[SourceDate "2023.10.10"]
[SourceVersion "1"]
[SourceVersionDate "2023.10.10"]
[SourceQuality "1"]

1. e4 c5 2. Nf3 e6 3. d4 cxd4 4. Nxd4 Nc6 5. Nc3 Qc7 6. Be3 a6 7. Qd2 Nf6 8. 0-0-0 Be7 9. f3 b5 10. Nxc6 dxc6 11. e5 Qxe5 12. Bf4 Qc5 13. Be3 Qb4 14. Bb6 Nd5 15. a3 Qf4 16. Qxf4 Nxf4 17. Ne4 Nd5 18. Bd4 Nf6 19. Bd3 Nxe4 20. Bxe4 Bb7 21. f4 f6 22. Bb6 Bd8 23. Bc5 Bc7 24. g3 Rd8 25. Rhe1 Kf7 26. Rxd8 Rxd8 27. Bf5 Bc8 28. Be4 Bb7 29. Bf5 Bc8 30. Be4 0-1

[Event "Caracas FVA 80th Ann"]
[Site "Caracas"]
[Date "2015.12.20"]
[Round "7"]
[White "Cuello Camargo, Jose Javier"]
[Black "Suarez, Richard"]
[Result "0-1"]
[WhiteElo "1744"]
[BlackElo "1977"]
[PlyCount "80"]
[EventDate "2015.12.16"]
[EventType "swiss"]
[EventRounds "8"]
[EventCountry "VEN"]
[SourceTitle "EXT 2018"]
[Source "ChessBase"]
[SourceDate "2017.10.13"]
[SourceVersion "1"]
[SourceVersionDate "2017.10.13"]
[SourceQuality "1"]

1. e4 e5 2. Nf3 Nc6 3. Bb5 a6 4. Bxc6 dxc6 5. d4 exd4 6. Qxd4 Qxd4 7. Nxd4 Bd7 8. 0-0 0-0-0 9. Be3 Ne7 10. Nd2 c5 11. N4b3 b6 12. Nf3 Ng6 13. a4 a5 14. Nbd2 f6 15. b3 Bc6 16. Ne1 Re8 17. Nd3 Bxe4 18. Nxe4 Rxe4 19. Rad1 c4 20. Ne1 Bb4 21. Nf3 Rd8 22. Rxd8+ Kxd8 23. Rd1+ Kc8 24. Kf1 Nf4 25. Nd2 Bxd2 26. Rxd2 cxb3 27. cxb3 Rb4 28. g3 Ne6 29. Rd3 Nc5 30. Bxc5 bxc5 31. Rc3 c4 32. Rxc4 Rxc4 33. bxc4 Kd7 34. Ke2 Kd6 35. Kd3 Kc5 36. Kc3 g6 37. f3 h6 38. h3 f5 39. g4 fxg4 40. hxg4 g5 0-1

[Event "VEN-ch qual 2nd Cojedes"]
[Site "San Carlos"]
[Date "2014.08.16"]
[Round "6"]
[White "Suarez, Richard"]
[Black "Zavala Arevalo, Vicencio Noel"]
[Result "1-0"]
[WhiteElo "1981"]
[BlackElo "2064"]
[PlyCount "41"]
[EventDate "2014.08.14"]
[EventType "swiss"]
[EventRounds "7"]
[EventCountry "VEN"]
[SourceTitle "EXT 2018"]
[Source "ChessBase"]
[SourceDate "2017.10.13"]
[SourceVersion "1"]
[SourceVersionDate "2017.10.13"]
[SourceQuality "1"]

1. d4 Nf6 2. c4 e5 3. dxe5 Ng4 4. e3 Nxe5 5. Nh3 Ng6 6. Nc3 Bb4 7. Bd2 0-0 8. Nd5 Bd6 9. Bc3 a5 10. Nb6 Ra7 11. Nxc8 Qxc8 12. Qd4 Be5 13. Qxa7 Nc6 14. Qc5 Re8 15. Be2 Bxc3+ 16. bxc3 Re5 17. Qa3 d6 18. 0-0-0 Qe6 19. Rd5 Rxd5 20. cxd5 Qxd5 21. Bf3 1-0

[Event "San Cristobal Bolivar op 1st"]
[Site "San Cristobal"]
[Date "2012.09.28"]
[Round "6"]
[White "Sanchez Castillo, Sarai Carolina"]
[Black "Suarez, Richard"]
[Result "1-0"]
[WhiteElo "2193"]
[BlackElo "1954"]
[PlyCount "67"]
[EventDate "2012.09.25"]
[EventType "swiss"]
[EventRounds "10"]
[EventCountry "VEN"]
[SourceTitle "EXT 2013"]
[Source "ChessBase"]
[SourceDate "2012.11.22"]
[SourceVersion "1"]
[SourceVersionDate "2012.11.22"]
[SourceQuality "1"]

1. e4 c5 2. Nf3 Nc6 3. Bb5 Nf6 4. e5 Nd5 5. 0-0 g6 6. c3 Bg7 7. Re1 0-0 8. d4 cxd4 9. cxd4 Nc7 10. Ba4 d5 11. Bxc6 bxc6 12. h3 Ne6 13. Nc3 Qa5 14. Bd2 Rb8 15. Na4 Qb5 16. Rc1 f6 17. exf6 Rxf6 18. Be3 c5 19. Nxc5 Qxb2 20. Nxe6 Rxe6 21. Bf4 Rxe1+ 22. Qxe1 e5 23. Bxe5 Bxe5 24. Nxe5 Bf5 25. Nc6 Qxc1 26. Qxc1 Rb1 27. Qxb1 Bxb1 28. a3 Kf7 29. Nxa7 Ke6 30. Nb5 Bd3 31. Nc3 Kd6 32. f3 Kc6 33. Kf2 Kd6 34. h4 1-0

[Event "OP-2012-0-02044"]
[Site "LSS email"]
[Date "2012.02.03"]
[Round "?"]
[White "Albesa, Alfredo Ricardo"]
[Black "Suarez, Richard"]
[Result "1-0"]
[WhiteElo "1618"]
[BlackElo "1151"]
[PlyCount "35"]
[EventDate "2012.01.31"]
[EventType "tourn (corr)"]
[EventRounds "4"]
[EventCountry "GER"]
[SourceTitle "Corr 2015"]
[Source "ChessBase"]
[SourceDate "2015.07.17"]
[SourceVersion "1"]
[SourceVersionDate "2015.07.17"]
[SourceQuality "1"]

1. e4 e5 2. Nf3 Nc6 3. Nc3 Nf6 4. Bc4 Nxe4 5. Nxe4 d5 6. Bd3 dxe4 7. Bxe4 Bd6 8. d4 exd4 9. Bxc6+ bxc6 10. Qxd4 0-0 11. 0-0 Re8 12. Be3 Bf5 13. Rfe1 Rb8 14. b3 c5 15. Qc3 Qf6 16. Qxf6 gxf6 17. Rac1 a5 18. Nd2 1-0

[Event "ZN-2012-0-01834"]
[Site "LSS email"]
[Date "2012.02.02"]
[Round "?"]
[White "Suarez, Richard"]
[Black "Newton, Daryl"]
[Result "1-0"]
[WhiteElo "1181"]
[BlackElo "602"]
[PlyCount "51"]
[EventDate "2012.01.27"]
[EventType "match (corr)"]
[EventRounds "2"]
[EventCountry "GER"]
[SourceTitle "Telechess CBM 157"]
[Source "ChessBase"]
[SourceDate "2013.11.12"]
[SourceVersion "1"]
[SourceVersionDate "2013.11.12"]
[SourceQuality "1"]

1. d4 d5 2. c4 e6 3. Nc3 c5 4. cxd5 exd5 5. Nf3 Bd6 6. Nxd5 b5 7. e4 c4 8. a4 Qa5+ 9. Bd2 Qd8 10. axb5 Nf6 11. Nxf6+ Qxf6 12. Bxc4 Qg6 13. Bd5 Qxg2 14. Rg1 Qh3 15. Bxa8 Bg4 16. e5 Bc7 17. Rxa7 Kd7 18. b6 Rc8 19. bxc7 Nc6 20. Bxc6+ Kxc6 21. Qa4+ Kd5 22. Qb5+ Ke6 23. Ng5+ Kf5 24. Nxh3 h5 25. Rxg4 hxg4 26. Qd7+ 1-0

[Event "OP-2012-0-01999"]
[Site "LSS email"]
[Date "2012.01.13"]
[Round "?"]
[White "Neumann, Frank"]
[Black "Suarez, Richard"]
[Result "0-1"]
[WhiteElo "613"]
[BlackElo "1151"]
[PlyCount "80"]
[EventDate "2012.01.11"]
[EventType "tourn (corr)"]
[EventRounds "4"]
[EventCountry "GER"]
[SourceTitle "Telechess CBM 153"]
[Source "ChessBase"]
[SourceDate "2013.03.14"]
[SourceVersion "1"]
[SourceVersionDate "2013.03.14"]
[SourceQuality "1"]

1. b4 Nf6 2. Bb2 g6 3. e3 Bg7 4. Nf3 0-0 5. Be2 d6 6. 0-0 e5 7. c4 Nbd7 8. Nc3 e4 9. Nd4 c5 10. bxc5 dxc5 11. Nb3 Qe7 12. d3 exd3 13. Qxd3 Ne5 14. Qd2 Bg4 15. Bxg4 Nfxg4 16. Nd5 Qh4 17. h3 Nxc4 18. Qe2 Nxb2 19. Rab1 c4 20. Nd4 Nd3 21. Nf3 Qd8 22. Nc3 Bxc3 23. Rxb7 Nge5 24. Nxe5 Bxe5 25. Rd1 Qd5 26. Re7 Bd6 27. Rd7 Bh2+ 28. Kxh2 Qxd7 29. Qc2 Rac8 30. Kg1 Qf5 31. g4 Qxf2+ 32. Qxf2 Nxf2 33. Kxf2 c3 34. Rc1 Rfd8 35. Ke2 Rd2+ 36. Ke1 Rxa2 37. e4 Rh2 38. Kd1 c2+ 39. Ke1 Rc3 40. e5 Rg3 0-1

[Event "OP-2012-0-01999"]
[Site "LSS email"]
[Date "2012.01.13"]
[Round "?"]
[White "Szczepankiewicz, Dariusz"]
[Black "Suarez, Richard"]
[Result "1-0"]
[WhiteElo "2465"]
[BlackElo "1151"]
[PlyCount "71"]
[EventDate "2012.01.11"]
[EventType "tourn (corr)"]
[EventRounds "4"]
[EventCountry "GER"]
[SourceTitle "Telechess CBM 153"]
[Source "ChessBase"]
[SourceDate "2013.03.14"]
[SourceVersion "1"]
[SourceVersionDate "2013.03.14"]
[SourceQuality "1"]

1. e4 e5 2. Nf3 Nc6 3. Bb5 f5 4. Nc3 fxe4 5. Nxe4 Nf6 6. Nxf6+ Qxf6 7. Qe2 Be7 8. Bxc6 bxc6 9. Nxe5 0-0 10. 0-0 Qe6 11. Re1 Bc5 12. Nf3 Qxe2 13. Rxe2 d6 14. d4 Bb6 15. a4 a5 16. Ra3 Bg4 17. Re7 Rac8 18. Rd3 Bxf3 19. gxf3 Rce8 20. Rxe8 Rxe8 21. Be3 Kf7 22. Rc3 Ke6 23. Rxc6 Kd5 24. Rc3 Rf8 25. Kg2 Rf6 26. h4 Rg6+ 27. Kf1 Rf6 28. Ke2 Rf5 29. Rb3 Kc4 30. d5 Rxd5 31. Bxb6 cxb6 32. Rxb6 Rh5 33. Rxd6 Rxh4 34. Rb6 Rh5 35. b3+ Kd4 36. Rb5 1-0

[Event "OP-2011-0-01870"]
[Site "LSS email"]
[Date "2011.11.10"]
[Round "?"]
[White "Suarez, Richard"]
[Black "Vontina, Maria"]
[Result "1-0"]
[WhiteElo "1151"]
[BlackElo "711"]
[PlyCount "75"]
[EventDate "2011.11.07"]
[EventType "tourn (corr)"]
[EventRounds "4"]
[EventCountry "GER"]
[SourceTitle "Telechess CBM 153"]
[Source "ChessBase"]
[SourceDate "2013.03.14"]
[SourceVersion "1"]
[SourceVersionDate "2013.03.14"]
[SourceQuality "1"]

1. d4 Nf6 2. c4 g6 3. Nf3 Bg7 4. g3 d6 5. Bg2 Nc6 6. 0-0 0-0 7. Nc3 a6 8. Qd3 Rb8 9. d5 Na7 10. a4 c5 11. e4 Bd7 12. a5 Nc8 13. Re1 Ne8 14. e5 dxe5 15. Nxe5 Ned6 16. Bg5 h6 17. Be3 Bf5 18. Qe2 Bxe5 19. Bxh6 Re8 20. Qxe5 f6 21. Qe2 Kf7 22. Be3 Qc7 23. f4 Na7 24. g4 Bd7 25. Ne4 Nxe4 26. Bxe4 Rh8 27. Rad1 Nc8 28. Kg2 Nd6 29. Bd3 Rh4 30. h3 Rbh8 31. Bf2 Rxh3 32. Qxe7+ Kg8 33. Qxf6 Rh2+ 34. Kf3 R8h3+ 35. Bg3 Rxb2 36. Re7 Bxg4+ 37. Kxg4 Qc8+ 38. Kf3 1-0

[Event "OP-2011-0-01867"]
[Site "LSS email"]
[Date "2011.11.09"]
[Round "?"]
[White "Vontina, Maria"]
[Black "Suarez, Richard"]
[Result "0-1"]
[WhiteElo "775"]
[BlackElo "800"]
[PlyCount "56"]
[EventDate "2011.11.06"]
[EventType "tourn (corr)"]
[EventRounds "4"]
[EventCountry "GER"]
[SourceTitle "Telechess CBM 149"]
[Source "ChessBase"]
[SourceDate "2012.07.17"]
[SourceVersion "1"]
[SourceVersionDate "2012.07.17"]
[SourceQuality "1"]

1. e4 c5 2. Nf3 d6 3. d4 cxd4 4. Nxd4 Nf6 5. Nc3 a6 6. Bg5 Nbd7 7. Be2 e6 8. 0-0 Be7 9. a3 0-0 10. f4 Qb6 11. Kh1 Qxb2 12. Qd2 Qb6 13. Bf3 Qc7 14. a4 Nc5 15. h3 h6 16. Bh4 Nfxe4 17. Nxe4 Bxh4 18. Nxc5 Qxc5 19. Rfb1 Rb8 20. a5 Bf6 21. c3 Qc7 22. Rb6 d5 23. Rab1 Bd7 24. Qb2 Qxf4 25. Rxb7 Rxb7 26. Qxb7 Be5 27. Kg1 Rb8 28. Qxb8+ Bxb8 0-1